| 000 | 00362nam a2200145Ia 4500 | ||
|---|---|---|---|
| 008 | 191201s2012 xx 000 0 und d | ||
| 082 |
_a004.678 _bGRI |
||
| 100 | _aGREENLAW, Raymond | ||
| 245 | 0 | _aIn-line/ On-line Fundamentals of the Internet | |
| 250 | _a2nd | ||
| 260 |
_aDelhi _bT M C _c2012 |
||
| 300 | _a696 | ||
| 650 | _aB.Tech(CSE) | ||
| 942 |
_2ddc _cBK _017 |
||
| 999 |
_c4594 _d4594 |
||